Isaiah : (Record no. 3281)
[ view plain ]
| 000 -LEADER | |
|---|---|
| fixed length control field | 00616cam a22002052 4500 |
| 001 - CONTROL NUMBER | |
| control field | 0000008508 |
| 005 - DATE AND TIME OF LATEST TRANSACTION | |
| control field | 20151217145841.0 |
| 008 - FIXED-LENGTH DATA ELEMENTS--GENERAL INFORMATION | |
| fixed length control field | 080418s xx 000 0 eng d |
| 020 ## - INTERNATIONAL STANDARD BOOK NUMBER | |
| International Standard Book Number | 1856842037 : |
| Terms of availability | KES 730 |
| 040 ## - CATALOGING SOURCE | |
| Original cataloging agency | KABU |
| Transcribing agency | KABU |
| 100 1# - MAIN ENTRY--PERSONAL NAME | |
| Personal name | Hacking, Philip. |
| -- | 0000159125 |
| 245 10 - TITLE STATEMENT | |
| Title | Isaiah : |
| Remainder of title | Crossway Bible guide / |
| Statement of responsibility, etc. | Philip Hacking. |
| 250 ## - EDITION STATEMENT | |
| Edition statement | 2nd ed. |
| 260 ## - PUBLICATION, DISTRIBUTION, ETC. (IMPRINT) | |
| Place of publication, distribution, etc. | Leicester, England : |
| Name of publisher, distributor, etc. | Crossway Books, |
| Date of publication, distribution, etc. | 2001. |
| 300 ## - PHYSICAL DESCRIPTION | |
| Extent | 192 p. |
| 650 #0 - SUBJECT ADDED ENTRY--TOPICAL TERM | |
| Topical term or geographic name as entry element | Bible.O. T. Isaiah |
| General subdivision | Study and teaching. |
| -- | 0000159126 |
| 908 ## - PUT COMMAND PARAMETER (RLIN) | |
| Put command parameter | 080418 |
| 950 ## - LOCAL HOLDINGS (RLIN) | |
| -- | 1 |
| Withdrawn status | Lost status | Source of classification or shelving scheme | Not for loan | Home library | Current library | Date acquired | Total Checkouts | Full call number | Barcode | Date last seen | Price effective from | Koha item type |
|---|---|---|---|---|---|---|---|---|---|---|---|---|
| Library of Congress Classification | Kabarak, Main Campus | Kabarak, Main Campus | 17/12/2015 | BS1515.5 .H33 2001 | 006008 | 02/08/2024 | 17/12/2015 | General Collection |